000 00659nam a2200205Ia 4500
003 GCL
008 140319s9999 xx 000 0 ara d
040 _aGCL /
_cGCL
082 0 4 _a956.9
_bل ا
100 1 _aلورانس مايد
245 1 0 _aاسرائيل الان: صورة بلد مضطرب /
_cلورانس مايد
700 1 _aمصطفى الدر
300 _a437 ص
490 _aالهيئة العامة للاستعلامات
_v0
650 0 4 _aالنزاع العربى الاسرائيلى
650 0 4 _aاسرائيل
650 0 4 _aاسرائيل - تاريخ
650 0 4 _aاسرائيل - الوضع الدولى
942 _2ddc
_cBK
999 _c51904
_d51904